[Event "Levitov Chess Week Rapid"]
[Site "Amsterdam NED"]
[Date "2023.09.22"]
[Round "1.2"]
[White "Grischuk, Alexander"]
[Black "Mamedyarov, Shakhriyar"]
[Result "1-0"]
[WhiteTitle "GM"]
[BlackTitle "GM"]
[WhiteElo "2732"]
[BlackElo "2734"]
[WhiteFideId "4126025"]
[BlackFideId "13401319"]
[EventDate "2023.09.22"]

1. d4 Nf6 2. c4 e6 3. Nc3 Bb4 4. e3 O-O 5. Bd3 Re8 6. Nf3 d6 7. O-O e5 8. Ne4
exd4 9. Nxf6+ Qxf6 10. exd4 c5 11. Bg5 Qe6 12. a3 h6 13. Bh4 g5 14. axb4 gxh4
15. Re1 Qd7 16. Qd2 Kg7 17. dxc5 dxc5 18. Qc3+ Kg8 19. Bf5 Qd8 20. Rxe8+ Qxe8
21. Re1 Qd8 22. Bxc8 Qxc8 23. bxc5 h3 24. Ne5 Nc6 25. Qg3+ Kh7 26. Qd3+ Kg7 27.
Qg3+ Kh7 28. Qd3+ Kg7 29. Nd7 Qd8 30. Re3 Qa5 31. gxh3 Qa1+ 32. Kg2 Qxb2 33.
Rg3+ Kh8 34. Qe3 1-0

[Event "Levitov Chess Week Rapid"]
[Site "Amsterdam NED"]
[Date "2023.09.22"]
[Round "1.3"]
[White "Gelfand, Boris"]
[Black "Nepomniachtchi, Ian"]
[Result "0-1"]
[WhiteTitle "GM"]
[BlackTitle "GM"]
[WhiteElo "2655"]
[BlackElo "2771"]
[WhiteFideId "2805677"]
[BlackFideId "4168119"]
[EventDate "2023.09.22"]

1. Nf3 Nf6 2. c4 e6 3. g3 d5 4. d4 Be7 5. Bg2 O-O 6. O-O dxc4 7. Qc2 a6 8. a4 h6
9. Nbd2 Nc6 10. Nxc4 Nxd4 11. Nxd4 Qxd4 12. Rd1 Qa7 13. Be3 Bc5 14. b4 Bxe3 15.
Nxe3 Qb8 16. Nc4 Nd5 17. Qb2 b5 18. Ne5 bxa4 19. Qd4 Qb5 20. Nd3 Bb7 21. e4 Nf6
22. Nc5 Bc6 23. Rxa4 Qb6 24. Ra5 Rfb8 25. f3 Be8 26. Rc1 Rd8 27. Qc3 Bb5 28. Bf1
Nd7 29. Bxb5 axb5 30. Rxa8 Rxa8 31. Qd4 Nxc5 32. Qxc5 Ra4 33. Qxb6 cxb6 34. Rc6
Rxb4 35. Rxb6 Rb2 36. Rb8+ Kh7 37. h4 g5 38. h5 Kg7 39. e5 b4 40. g4 b3 41. Kf1
f5 42. Rb7+ Kf8 43. gxf5 exf5 44. e6 f4 45. Kg1 Rb1+ 46. Kg2 b2 47. Rf7+ Ke8 48.
Rb7 g4 0-1

[Event "Levitov Chess Week Rapid"]
[Site "Amsterdam NED"]
[Date "2023.09.22"]
[Round "1.4"]
[White "Aronian, Levon"]
[Black "So, Wesley"]
[Result "1-0"]
[WhiteTitle "GM"]
[BlackTitle "GM"]
[WhiteElo "2742"]
[BlackElo "2753"]
[WhiteFideId "13300474"]
[BlackFideId "5202213"]
[EventDate "2023.09.22"]

1. e4 e6 2. d4 d5 3. e5 c5 4. c3 Nc6 5. Nf3 Qb6 6. a3 Nh6 7. b4 cxd4 8. cxd4 Nf5
9. Bb2 Bd7 10. Be2 Be7 11. O-O O-O 12. Bd3 Kh8 13. Bxf5 exf5 14. Nc3 Be6 15. Na4
Qd8 16. Rc1 a5 17. b5 Na7 18. Nc3 Nc8 19. a4 Nb6 20. Nd2 Rc8 21. Qb3 Bb4 22.
Ncb1 Qe7 23. Bc3 Bxc3 24. Rxc3 Rxc3 25. Nxc3 Rc8 26. Na2 Qh4 27. f4 h6 28. Nc1
Nc4 29. Nxc4 dxc4 30. Qc3 Qe7 31. Na2 g5 32. Qh3 Kg7 33. Nc3 Rd8 34. Qe3 g4 35.
Rd1 Bd5 36. Qe2 Qb4 37. Qc2 Kg6 38. Rb1 Qa3 39. Qc1 Qe7 40. Nxd5 Rxd5 41. Qxc4
Qe6 42. Qc3 Rd7 43. Rd1 Qd5 44. Qxa5 h5 45. Qe1 Qb3 46. a5 Qxb5 47. Qh4 Qe2 48.
Re1 Qd3 49. Kh1 Qc3 50. e6 Re7 51. Qg5+ Kh7 52. Qxf5+ Kg7 53. Qe5+ 1-0

[Event "Levitov Chess Week Rapid"]
[Site "Amsterdam NED"]
[Date "2023.09.22"]
[Round "1.5"]
[White "Svidler, Peter"]
[Black "Anand, Viswanathan"]
[Result "1/2-1/2"]
[WhiteTitle "GM"]
[BlackTitle "GM"]
[WhiteElo "2689"]
[BlackElo "2754"]
[WhiteFideId "4102142"]
[BlackFideId "5000017"]
[EventDate "2023.09.22"]

1. c4 e5 2. g3 Nf6 3. Bg2 d5 4. cxd5 Nxd5 5. Nc3 Nf6 6. d3 h6 7. Qb3 c6 8. Nf3
Nbd7 9. O-O Bc5 10. e3 O-O 11. d4 exd4 12. exd4 Bd6 13. Re1 Nb6 14. Bd2 Rb8 15.
Na4 Nbd5 16. Nc5 Qb6 17. Qc2 Qc7 18. Ne5 Re8 19. Nc4 Rxe1+ 20. Rxe1 Bxc5 21.
dxc5 Be6 22. b4 Rd8 23. Nd6 Qd7 24. a3 Ne8 25. Nxe8 Rxe8 26. h4 a6 27. Bc1 Bg4
28. Rxe8+ Qxe8 29. Qe4 Qxe4 30. Bxe4 Nc3 31. Bd3 Ne2+ 32. Bxe2 1/2-1/2

[Event "Levitov Chess Week Rapid"]
[Site "Amsterdam NED"]
[Date "2023.09.22"]
[Round "2.1"]
[White "Nepomniachtchi, Ian"]
[Black "Aronian, Levon"]
[Result "0-1"]
[WhiteTitle "GM"]
[BlackTitle "GM"]
[WhiteElo "2771"]
[BlackElo "2742"]
[WhiteFideId "4168119"]
[BlackFideId "13300474"]
[EventDate "2023.09.22"]

1. e4 c5 2. Nf3 e6 3. d4 cxd4 4. Nxd4 Nc6 5. Nc3 Qc7 6. Be3 a6 7. g4 h6 8. h4
Nf6 9. Nxc6 bxc6 10. Qf3 Rb8 11. O-O-O Qa5 12. Bf4 e5 13. Bg3 d6 14. Bh3 Qb4 15.
g5 Bxh3 16. gxf6 Be6 17. fxg7 Bxg7 18. b3 h5 19. Qd3 Ke7 20. f3 Rhd8 21. Be1
Qa3+ 22. Kb1 d5 23. Bd2 d4 24. Bg5+ Bf6 25. Bxf6+ Kxf6 26. Ne2 c5 27. Qd2 Ke7
28. Qg5+ f6 29. Qg7+ Bf7 30. f4 Rg8 31. Qh7 Rh8 32. Qf5 Be6 33. Qg6 Rbg8 0-1

[Event "Levitov Chess Week Rapid"]
[Site "Amsterdam NED"]
[Date "2023.09.22"]
[Round "2.2"]
[White "So, Wesley"]
[Black "Svidler, Peter"]
[Result "0-1"]
[WhiteTitle "GM"]
[BlackTitle "GM"]
[WhiteElo "2753"]
[BlackElo "2689"]
[WhiteFideId "5202213"]
[BlackFideId "4102142"]
[EventDate "2023.09.22"]

1. e4 c5 2. Nf3 d6 3. Bb5+ Nd7 4. a4 Nf6 5. Nc3 a6 6. Be2 b6 7. d4 cxd4 8. Qxd4
Bb7 9. O-O e6 10. Rd1 Be7 11. Be3 O-O 12. Nd2 Rc8 13. Nc4 d5 14. exd5 exd5 15.
Nd2 Bc5 16. Qf4 Re8 17. Bxc5 bxc5 18. Bf3 Ne5 19. Re1 Nxf3+ 20. Nxf3 d4 21. Ne2
Qb6 22. b3 Nd5 23. Qd2 Qf6 24. Ng3 Nf4 25. Rxe8+ Rxe8 26. Re1 Rxe1+ 27. Nxe1 Qe5
28. f3 h5 29. Kf2 h4 30. Ne2 Nd5 31. Nd3 Qxh2 32. Nxc5 Ne3 33. Nxd4 Nxg2 34.
Nxb7 Nf4+ 35. Ke3 Qxd2+ 36. Kxd2 h3 37. Nf5 Nh5 0-1

[Event "Levitov Chess Week Rapid"]
[Site "Amsterdam NED"]
[Date "2023.09.22"]
[Round "2.3"]
[White "Mamedyarov, Shakhriyar"]
[Black "Anand, Viswanathan"]
[Result "1/2-1/2"]
[WhiteTitle "GM"]
[BlackTitle "GM"]
[WhiteElo "2734"]
[BlackElo "2754"]
[WhiteFideId "13401319"]
[BlackFideId "5000017"]
[EventDate "2023.09.22"]

1. d4 Nf6 2. c4 e6 3. Nc3 Bb4 4. Nf3 c5 5. g3 O-O 6. Bg2 cxd4 7. Nxd4 d5 8. Nc2
Bxc3+ 9. bxc3 dxc4 10. Ba3 Re8 11. Qxd8 Rxd8 12. Ne3 Nc6 13. Nxc4 Nd5 14. Rc1 b5
15. Ne3 Bb7 16. Nxd5 exd5 17. O-O Ne5 18. Bc5 Nc4 19. Rfd1 a5 20. h4 Rac8 21.
Bd4 Bc6 22. g4 Bd7 23. Bf3 Be6 24. Rb1 Rb8 25. Kg2 h6 26. Kg3 f6 27. Kf4 Nd6 28.
g5 hxg5+ 29. hxg5 fxg5+ 30. Kxg5 Rf8 31. Rg1 Ne4+ 32. Bxe4 dxe4 33. a3 Rf5+ 34.
Kh4 Rf4+ 35. Kg3 Rg4+ 36. Kh2 Rh4+ 37. Kg2 Rg4+ 38. Kf1 Rxg1+ 39. Kxg1 Bc4 40.
Kf1 a4 41. Ke1 Kf7 42. Kd2 g5 43. Rg1 Rg8 44. Ke3 Kg6 45. Bc5 Re8 46. Rh1 Bb3
47. Rg1 Kf5 48. Bd6 Rc8 49. Bb4 Rh8 50. Be7 g4 51. Bd6 Rd8 52. Bc5 Rd1 53. Rxd1
Bxd1 54. Bb4 Bb3 55. Bc5 Bd1 56. Bb4 Bb3 57. Bc5 Bd1 1/2-1/2

[Event "Levitov Chess Week Rapid"]
[Site "Amsterdam NED"]
[Date "2023.09.22"]
[Round "2.5"]
[White "Grischuk, Alexander"]
[Black "Kramnik, Vladimir"]
[Result "1/2-1/2"]
[WhiteTitle "GM"]
[BlackTitle "GM"]
[WhiteElo "2732"]
[BlackElo "2753"]
[WhiteFideId "4126025"]
[BlackFideId "4101588"]
[EventDate "2023.09.22"]

1. d4 Nf6 2. c4 e6 3. Nf3 d5 4. g3 Be7 5. Bg2 O-O 6. O-O dxc4 7. Qc2 a6 8. a4
Nc6 9. Qxc4 Bd7 10. a5 Rc8 11. Qb3 b6 12. axb6 cxb6 13. Rxa6 Na5 14. Qxb6 Qxb6
15. Rxb6 Nd5 16. Ra6 Nb3 17. Nc3 Nxc3 18. bxc3 Rxc3 19. Bb2 Rc2 20. Ba3 Bxa3 21.
Rxa3 Nc1 22. e4 Bb5 23. Rd1 Ne2+ 24. Kh1 h6 25. d5 Rd8 26. h4 Bc4 27. d6 Nc3 28.
Rd2 Rc1+ 29. Kh2 Nxe4 30. Rd4 Nxd6 31. Ne5 Bd5 32. Bxd5 Nb5 33. Nxf7 Rxd5 34.
Rxd5 exd5 35. Ra5 Kxf7 1/2-1/2

[Event "Levitov Chess Week Rapid"]
[Site "Amsterdam NED"]
[Date "2023.09.22"]
[Round "3.4"]
[White "Svidler, Peter"]
[Black "Nepomniachtchi, Ian"]
[Result "0-1"]
[WhiteTitle "GM"]
[BlackTitle "GM"]
[WhiteElo "2689"]
[BlackElo "2771"]
[WhiteFideId "4102142"]
[BlackFideId "4168119"]
[EventDate "2023.09.22"]

1. c4 Nf6 2. Nc3 e5 3. Nf3 Nc6 4. g3 d5 5. cxd5 Nxd5 6. Bg2 Bc5 7. O-O O-O 8. d3
h6 9. Nxd5 Qxd5 10. Be3 Bxe3 11. fxe3 Qc5 12. d4 Qb6 13. Qd3 Bg4 14. Rac1 Rad8
15. Rxc6 Qxc6 16. Nxe5 Qe6 17. Bxb7 Bh3 18. Bg2 Bxg2 19. Kxg2 c5 20. b3 Qd5+ 21.
Nf3 Rfe8 22. Rc1 cxd4 23. exd4 Re7 24. Kf1 Rde8 25. Rc5 Qb7 26. Re5 Rxe5 27.
dxe5 Qc6 28. b4 Rc8 29. a3 Qc2 30. Qd7 Qc7 31. Qd3 Qb6 32. Kg2 Rd8 33. Qc4 Qe3
34. a4 g6 35. b5 Rd1 36. Qc2 Rc1 37. Qa2 Qe4 38. e6 Rc2 39. exf7+ Kf8 40. Qa3+
Kxf7 41. Qb3+ Kg7 42. Kh3 Qxe2 0-1

[Event "Levitov Chess Week Rapid"]
[Site "Amsterdam NED"]
[Date "2023.09.22"]
[Round "4.2"]
[White "Mamedyarov, Shakhriyar"]
[Black "So, Wesley"]
[Result "1-0"]
[WhiteTitle "GM"]
[BlackTitle "GM"]
[WhiteElo "2734"]
[BlackElo "2753"]
[WhiteFideId "13401319"]
[BlackFideId "5202213"]
[EventDate "2023.09.22"]

1. c4 e6 2. Nc3 d5 3. d4 Nf6 4. cxd5 exd5 5. Bg5 c6 6. e3 Bf5 7. Nge2 h6 8. Bh4
Nbd7 9. f3 Be7 10. Bf2 Bh7 11. Ng3 Qb6 12. Qd2 O-O 13. Be2 c5 14. dxc5 Nxc5 15.
O-O Rfd8 16. Rfd1 Rac8 17. Rac1 Ne6 18. Bf1 Nc5 19. Nb5 a6 20. Nd4 Na4 21. Ngf5
Bb4 22. Qe2 Bf8 23. Rc2 Rc5 24. Rdc1 Rdc8 25. Rxc5 Rxc5 26. Rxc5 Qxc5 27. b3 Nc3
28. Qd2 Nb5 29. Nxb5 axb5 30. e4 Qc8 31. e5 Qxf5 32. exf6 Qxf6 33. Qxd5 b4 34.
Qxb7 Qa1 35. Qa6 Bb1 36. h4 Bxa2 37. Qa8 Qb1 38. Bc5 Bxb3 39. Bxf8 Bc2 40. Bxb4+
Kh7 41. Qa3 1-0

[Event "Levitov Chess Week Rapid"]
[Site "Amsterdam NED"]
[Date "2023.09.22"]
[Round "4.4"]
[White "Grischuk, Alexander"]
[Black "Aronian, Levon"]
[Result "0-1"]
[WhiteTitle "GM"]
[BlackTitle "GM"]
[WhiteElo "2732"]
[BlackElo "2742"]
[WhiteFideId "4126025"]
[BlackFideId "13300474"]
[EventDate "2023.09.22"]

1. e4 c5 2. Nf3 d6 3. d4 cxd4 4. Nxd4 Nf6 5. Nc3 a6 6. Bg5 e6 7. f4 Be7 8. Qf3
Qc7 9. O-O-O Nbd7 10. g4 b5 11. Bxf6 Nxf6 12. g5 Nd7 13. f5 O-O 14. Rg1 b4 15.
Nce2 e5 16. f6 exd4 17. fxe7 Re8 18. Nxd4 Ne5 19. Qg3 Bb7 20. Bg2 Rxe7 21. h4
Qc5 22. h5 a5 23. h6 g6 24. Nb3 Qc8 25. Qf4 a4 26. Qf6 Qf8 27. Nd4 Ra6 28. Bf1
Rb6 29. Bd3 b3 30. a3 bxc2 31. Bxc2 Rc7 32. Kb1 Nc4 33. Ka1 d5 34. Qf4 Rxb2 35.
Rg3 Re7 36. Bd3 Rb6 37. Bxc4 dxc4 38. e5 Rd7 39. Rf1 Rb3 40. Nc2 Bd5 41. Nb4 Be6
42. Rxb3 axb3 43. Kb2 Qd8 44. Rf2 Rd1 45. Qf6 Qd4# 0-1

[Event "Levitov Chess Week Rapid"]
[Site "Amsterdam NED"]
[Date "2023.09.22"]
[Round "5.1"]
[White "Gelfand, Boris"]
[Black "Mamedyarov, Shakhriyar"]
[Result "0-1"]
[WhiteTitle "GM"]
[BlackTitle "GM"]
[WhiteElo "2655"]
[BlackElo "2734"]
[WhiteFideId "2805677"]
[BlackFideId "13401319"]
[EventDate "2023.09.22"]

1. d4 Nf6 2. c4 e6 3. Nf3 d5 4. g3 Be7 5. Bg2 O-O 6. O-O dxc4 7. Qc2 b6 8. Bg5
Nd5 9. Bxe7 Qxe7 10. Nbd2 Ba6 11. Nxc4 c5 12. dxc5 Rc8 13. Nce5 Rxc5 14. Qd2 Nd7
15. Rac1 Nxe5 16. Nxe5 Rac8 17. Rxc5 Qxc5 18. Rd1 f6 19. Nd3 Qb5 20. Rc1 Rxc1+
21. Qxc1 Qd7 22. Qc2 Ne7 23. Nf4 e5 24. Qb3+ Kh8 25. Nd3 Bxd3 26. exd3 Nc8 27.
Qc4 g6 28. Bd5 Nd6 29. Qb3 0-1

[Event "Levitov Chess Week Rapid"]
[Site "Amsterdam NED"]
[Date "2023.09.22"]
[Round "5.2"]
[White "Aronian, Levon"]
[Black "Kramnik, Vladimir"]
[Result "1/2-1/2"]
[WhiteTitle "GM"]
[BlackTitle "GM"]
[WhiteElo "2742"]
[BlackElo "2753"]
[WhiteFideId "13300474"]
[BlackFideId "4101588"]
[EventDate "2023.09.22"]

1. e4 c5 2. Nf3 e6 3. d4 cxd4 4. Nxd4 Nf6 5. Nc3 Nc6 6. Ndb5 d6 7. Bf4 e5 8. Bg5
a6 9. Na3 b5 10. Nd5 Be7 11. Bxf6 Bxf6 12. c3 Rb8 13. Nc2 Bg5 14. a4 bxa4 15.
Ncb4 Nxb4 16. cxb4 O-O 17. Rxa4 a5 18. b5 Bd7 19. Nc3 d5 20. Nxd5 Bxb5 21. Bxb5
Rxb5 22. O-O Rxb2 23. Qa1 Rb5 24. Qxe5 Kh8 25. g3 f5 26. Rd1 fxe4 27. Rxe4 Bf6
28. Qe6 Rb4 29. Kg2 Rxe4 30. Qxe4 Qa8 31. Nxf6 gxf6 32. Rd4 Qxe4+ 33. Rxe4 Ra8
34. Ra4 Kg7 35. Kf3 Kf7 36. Ke2 h5 37. Kd3 Kg6 38. f3 Ra7 39. h4 Rd7+ 40. Kc4
Re7 41. Rxa5 Re3 42. g4 hxg4 43. fxg4 Re4+ 44. Kd3 Rxg4 1/2-1/2

[Event "Levitov Chess Week Rapid"]
[Site "Amsterdam NED"]
[Date "2023.09.22"]
[Round "5.3"]
[White "Svidler, Peter"]
[Black "Grischuk, Alexander"]
[Result "1-0"]
[WhiteTitle "GM"]
[BlackTitle "GM"]
[WhiteElo "2689"]
[BlackElo "2732"]
[WhiteFideId "4102142"]
[BlackFideId "4126025"]
[EventDate "2023.09.22"]

1. c4 Nf6 2. g3 e6 3. Bg2 d5 4. b3 d4 5. Nf3 c5 6. O-O Nc6 7. e3 Bd6 8. Re1 O-O
9. exd4 cxd4 10. Ba3 e5 11. d3 Re8 12. c5 Bc7 13. b4 a6 14. Nbd2 Be6 15. Ng5 Bd5
16. Nge4 Nxe4 17. dxe4 Be6 18. Bf1 Qd7 19. Bd3 Kh8 20. Nc4 f5 21. exf5 Bxf5 22.
Be4 d3 23. Qb3 Rad8 24. Bb2 Bxe4 25. Rxe4 Qf5 26. Nd2 Rf8 27. Rf1 Rd7 28. Qd1
Bd8 29. Qg4 Qf7 30. Bxe5 Nxe5 31. Rxe5 Bf6 32. Re4 Rfd8 33. Nc4 h5 34. Qf3 Rd4
35. Ne5 Qd5 36. Rxd4 Qxd4 37. Nf7+ 1-0

[Event "Levitov Chess Week Rapid"]
[Site "Amsterdam NED"]
[Date "2023.09.22"]
[Round "5.5"]
[White "So, Wesley"]
[Black "Nepomniachtchi, Ian"]
[Result "1-0"]
[WhiteTitle "GM"]
[BlackTitle "GM"]
[WhiteElo "2753"]
[BlackElo "2771"]
[WhiteFideId "5202213"]
[BlackFideId "4168119"]
[EventDate "2023.09.22"]

1. e4 e6 2. d4 d5 3. Nc3 Bb4 4. e5 Ne7 5. Bd2 c5 6. a3 Bxc3 7. Bxc3 b6 8. h4
Nbc6 9. h5 Qc7 10. h6 gxh6 11. Nf3 Bb7 12. Bb5 O-O-O 13. Qe2 Rhg8 14. g3 Nf5 15.
O-O-O Rg4 16. Bxc6 Qxc6 17. Nh4 Re4 18. Nxf5 Rxe2 19. Ne7+ Kd7 20. Nxc6 Kxc6 21.
Rd2 Rxd2 22. Kxd2 Rg8 23. Rxh6 Rg4 24. Rxh7 a5 25. Rh4 Rg7 26. dxc5 bxc5 27.
Bxa5 Rg5 28. Rf4 Rxe5 29. Rxf7 Ba6 30. Rc7+ Kb5 31. f4 Re4 32. b4 cxb4 33. Bxb4
Kb6 34. Re7 d4 35. Rd7 Bc4 36. a4 Re2+ 37. Kd1 Re4 38. Kd2 Re2+ 39. Kc1 Bd5 40.
f5 Bc6 41. Rxd4 exf5 42. a5+ Kb5 43. Bd2 Be4 44. Rb4+ Kc5 45. a6 Bc6 46. Rb8 Re8 1-0

[Event "Levitov Chess Week Rapid"]
[Site "Amsterdam NED"]
[Date "2023.09.23"]
[Round "6.1"]
[White "Gelfand, Boris"]
[Black "Aronian, Levon"]
[Result "0-1"]
[WhiteTitle "GM"]
[BlackTitle "GM"]
[WhiteElo "2655"]
[BlackElo "2742"]
[WhiteFideId "2805677"]
[BlackFideId "13300474"]
[EventDate "2023.09.22"]

1. d4 d5 2. Nf3 Nf6 3. c4 c6 4. Nc3 e6 5. e3 Be7 6. Qc2 O-O 7. b3 dxc4 8. Bxc4
b5 9. Bd3 Na6 10. a3 b4 11. Ne4 bxa3 12. Nxf6+ gxf6 13. Qe2 Qa5+ 14. Bd2 Nb4 15.
O-O Qh5 16. Bc4 Nd5 17. e4 Nb6 18. Bd3 e5 19. Qe3 Bg4 20. Be2 Rfd8 21. dxe5 Bxf3
22. Bxf3 Qxe5 23. Bc3 Qg5 24. Qe2 Nd7 25. b4 Ne5 26. Bxe5 Qxe5 27. Rxa3 Bxb4 28.
Ra6 Rd2 29. Qe3 Qc5 30. e5 Qxe3 31. fxe3 fxe5 32. Rxc6 Rad8 33. Rc7 R8d7 34.
Rxd7 Rxd7 35. Rd1 Rc7 36. Bg4 a5 37. Rd7 Rc3 38. Bh5 Rxe3 39. Bxf7+ Kh8 40. Kf2
Rc3 41. Bd5 a4 42. Ke2 a3 43. Ra7 Bc5 44. Ra4 Kg7 45. Kd2 Re3 46. Ra5 Bd4 47.
Ra6 Rc3 48. Be4 h5 49. h4 Rb3 50. Bd5 Re3 51. Rc6 e4 52. Rc4 Rd3+ 53. Ke2 Kf6
54. Bxe4 Re3+ 0-1

[Event "Levitov Chess Week Rapid"]
[Site "Amsterdam NED"]
[Date "2023.09.23"]
[Round "6.2"]
[White "Dubov, Daniil"]
[Black "So, Wesley"]
[Result "1/2-1/2"]
[WhiteTitle "GM"]
[BlackTitle "GM"]
[WhiteElo "2710"]
[BlackElo "2753"]
[WhiteFideId "24126055"]
[BlackFideId "5202213"]
[EventDate "2023.09.22"]

1. d4 d5 2. c4 dxc4 3. Nf3 Nf6 4. e3 e6 5. Bxc4 c5 6. Qe2 a6 7. dxc5 Bxc5 8. O-O
Nc6 9. Rd1 Qc7 10. b3 b5 11. Bd3 Nb4 12. Bb2 Bb7 13. Nbd2 Nxd3 14. Qxd3 Rd8 15.
Qc2 Bd6 16. Qxc7 Bxc7 17. a4 bxa4 18. Rdc1 Rc8 19. Rxa4 1/2-1/2

[Event "Levitov Chess Week Rapid"]
[Site "Amsterdam NED"]
[Date "2023.09.23"]
[Round "6.3"]
[White "Grischuk, Alexander"]
[Black "Anand, Viswanathan"]
[Result "1-0"]
[WhiteTitle "GM"]
[BlackTitle "GM"]
[WhiteElo "2732"]
[BlackElo "2754"]
[WhiteFideId "4126025"]
[BlackFideId "5000017"]
[EventDate "2023.09.22"]

1. d4 Nf6 2. c4 e6 3. Nc3 Bb4 4. e3 O-O 5. Bd3 d5 6. cxd5 exd5 7. a3 Bd6 8. Qc2
b6 9. Nb5 c5 10. b3 cxd4 11. Nxd4 Nbd7 12. Ngf3 Nc5 13. O-O Bb7 14. Bb2 Re8 15.
Bb5 Rf8 16. Nc6 Bxc6 17. Bxc6 Rc8 18. Bxf6 gxf6 19. Bb5 Ne4 20. Qb2 Qe7 21. Bd3
Be5 22. Nd4 Bxd4 23. exd4 f5 24. f3 Nc3 25. Rfe1 Qg5 26. Re5 f6 27. Re6 Ne4 28.
fxe4 Qe3+ 29. Qf2 Qxd3 30. exd5 Rc2 31. Re3 Qd2 32. Qxd2 Rxd2 33. Rf1 Rc8 34. h3
Rcc2 35. Rg3+ Kf7 36. Rxf5 Rxd4 37. Rh5 h6 38. Rxh6 Rxd5 39. Rh7+ Ke6 40. Rxa7 1-0

[Event "Levitov Chess Week Rapid"]
[Site "Amsterdam NED"]
[Date "2023.09.23"]
[Round "6.4"]
[White "Kramnik, Vladimir"]
[Black "Svidler, Peter"]
[Result "0-1"]
[WhiteTitle "GM"]
[BlackTitle "GM"]
[WhiteElo "2753"]
[BlackElo "2689"]
[WhiteFideId "4101588"]
[BlackFideId "4102142"]
[EventDate "2023.09.22"]

1. e4 c5 2. Nf3 d6 3. d4 cxd4 4. Nxd4 Nf6 5. Nc3 a6 6. Bc4 e6 7. Be3 Nc6 8. Qe2
Na5 9. Bd3 Qc7 10. O-O Be7 11. f4 b5 12. a4 b4 13. Nb1 d5 14. e5 Ne4 15. Bxe4
dxe4 16. Nd2 Bb7 17. f5 Qxe5 18. fxe6 fxe6 19. c3 bxc3 20. bxc3 Bf6 21. Rxf6
gxf6 22. Qg4 Kf7 23. Rf1 Rag8 24. Qh4 Rg6 25. Ne2 Rhg8 26. g3 Nc6 27. Qxh7+ R8g7
28. Qh8 Ne7 29. Nf4 Qxc3 30. Kf2 Nf5 31. Nc4 Qxc4 32. Rd1 Rg8 33. Rd7+ Ke8 34.
Qh7 R6g7 35. Rxg7 Rxg7 36. Qh8+ 0-1

[Event "Levitov Chess Week Rapid"]
[Site "Amsterdam NED"]
[Date "2023.09.23"]
[Round "6.5"]
[White "Mamedyarov, Shakhriyar"]
[Black "Nepomniachtchi, Ian"]
[Result "0-1"]
[WhiteTitle "GM"]
[BlackTitle "GM"]
[WhiteElo "2734"]
[BlackElo "2771"]
[WhiteFideId "13401319"]
[BlackFideId "4168119"]
[EventDate "2023.09.22"]

1. d4 Nf6 2. c4 e6 3. Nc3 Bb4 4. Qc2 c5 5. dxc5 O-O 6. Nf3 Na6 7. a3 Bxc3+ 8.
Qxc3 Nxc5 9. b4 Nce4 10. Qd4 d6 11. Ng5 e5 12. Qb2 Qc7 13. Nxe4 Nxe4 14. f3 Nf6
15. e4 Be6 16. Bg5 Nd7 17. Rc1 a5 18. Be2 axb4 19. axb4 Qb6 20. Qd2 Ra3 21. c5
dxc5 22. bxc5 Nxc5 23. Be3 Rc8 24. O-O Rd8 25. Rb1 Rxd2 26. Rxb6 Rxe3 0-1

[Event "Levitov Chess Week Rapid"]
[Site "Amsterdam NED"]
[Date "2023.09.23"]
[Round "7.1"]
[White "Aronian, Levon"]
[Black "Mamedyarov, Shakhriyar"]
[Result "1/2-1/2"]
[WhiteTitle "GM"]
[BlackTitle "GM"]
[WhiteElo "2742"]
[BlackElo "2734"]
[WhiteFideId "13300474"]
[BlackFideId "13401319"]
[EventDate "2023.09.22"]

1. e4 c6 2. d4 d5 3. exd5 cxd5 4. Bd3 Nc6 5. c3 Qc7 6. h3 e5 7. dxe5 Nxe5 8. Nf3
Nxd3+ 9. Qxd3 Bd6 10. O-O Ne7 11. Nd4 a6 1/2-1/2

[Event "Levitov Chess Week Rapid"]
[Site "Amsterdam NED"]
[Date "2023.09.23"]
[Round "7.2"]
[White "Svidler, Peter"]
[Black "Gelfand, Boris"]
[Result "1/2-1/2"]
[WhiteTitle "GM"]
[BlackTitle "GM"]
[WhiteElo "2689"]
[BlackElo "2655"]
[WhiteFideId "4102142"]
[BlackFideId "2805677"]
[EventDate "2023.09.22"]

1. Nf3 c5 2. e4 e6 3. b3 d5 4. exd5 exd5 5. Bb5+ Nc6 6. O-O Bd6 7. Bb2 Nf6 8.
Re1+ Be6 9. Bxc6+ bxc6 10. d3 O-O 11. Nbd2 Bg4 12. h3 Bh5 13. Nf1 Re8 14. Rxe8+
Qxe8 15. Bxf6 gxf6 16. g4 Bg6 17. Qd2 Qd7 18. Re1 Re8 19. Rxe8+ Qxe8 20. Ng3 Qb8
21. Kg2 Bf4 22. Qc3 Qd6 23. Nh4 Bxg3 24. fxg3 d4 25. Qe1 Kg7 26. Kf2 Qe5 27. Ng2
Qxe1+ 28. Nxe1 f5 29. g5 f6 30. gxf6+ Kxf6 31. Ng2 Bh5 32. Nf4 Bf7 33. h4 Ke5
34. Ke1 Be8 35. Kd2 Bf7 36. Kc1 Kd6 37. Kb2 Kc7 38. Ne2 Bh5 39. Nf4 Bf7 40. c3
dxc3+ 41. Kxc3 Kd6 42. Kd2 Ke5 43. Ke3 a5 44. Ne2 Bh5 45. Nc3 Bf7 46. Na4 Kd5
47. Nb6+ Ke5 48. Na4 Kd5 49. Nc3+ Ke5 50. Ne2 Bh5 51. d4+ Kd6 52. Nf4 cxd4+ 53.
Kxd4 c5+ 54. Kc4 Be8 55. Nd3 a4 56. Nxc5 axb3 57. axb3 Ke5 58. Kd3 f4 59. g4
Bb5+ 60. Kd2 f3 61. Ke3 f2 62. Kxf2 Kf4 63. g5 Kg4 64. Ke3 Kxh4 65. Kf4 Be8 66.
b4 Kh5 67. Ne4 Kg6 68. Nf6 Ba4 69. Ng4 Bb5 70. Ne5+ Kg7 71. Ke4 h6 72. gxh6+
Kxh6 73. Kd5 Kg5 74. Kc5 Ba4 75. b5 Bxb5 76. Kxb5 1/2-1/2

[Event "Levitov Chess Week Rapid"]
[Site "Amsterdam NED"]
[Date "2023.09.23"]
[Round "7.3"]
[White "Anand, Viswanathan"]
[Black "Kramnik, Vladimir"]
[Result "1/2-1/2"]
[WhiteTitle "GM"]
[BlackTitle "GM"]
[WhiteElo "2754"]
[BlackElo "2753"]
[WhiteFideId "5000017"]
[BlackFideId "4101588"]
[EventDate "2023.09.22"]

1. e4 c5 2. Nf3 e6 3. d4 cxd4 4. Nxd4 Nf6 5. Bd3 Nc6 6. Nxc6 bxc6 7. O-O d5 8.
Nd2 Be7 9. b3 a5 10. Bb2 O-O 11. a4 Ba6 12. Bxa6 Rxa6 13. Qe2 Rb6 14. Kh1 Bb4
15. Rad1 Rb7 16. exd5 exd5 17. Nf3 Ne4 18. Ne5 Re8 19. Qg4 Qf6 20. Nd3 Bc3 21.
f3 Nd6 22. Bxc3 Qxc3 23. Qf4 Re6 24. Qd2 Qxd2 25. Rxd2 Rbe7 26. Kg1 1/2-1/2